[Event "Mlada Boleslav Region-ch U12"]
[Site "Mlada Boleslav"]
[Date "2017.06.24"]
[Round "3"]
[White "Cervenka, Tadeas"]
[Black "Pesek, Jan Antonin"]
[Result "0-1"]
[WhiteElo "1026"]
[BlackElo "1266"]
[PlyCount "50"]
[EventDate "2017.06.24"]
[EventType "swiss"]
[EventRounds "7"]
[EventCountry "CZE"]
[SourceTitle "CBM 179 Extra"]
[Source "ChessBase"]
[SourceDate "2017.08.23"]
[SourceVersion "1"]
[SourceVersionDate "2017.08.23"]
[SourceQuality "1"]

1. e4 e5 2. Nf3 Nc6 3. d3 Bc5 4. Be3 Bxe3 5. fxe3 Nf6 6. g3 d6 7. Bg2 Bg4 8. 0-0 Qd7 9. Nc3 0-0-0 10. Qd2 Bh3 11. Ng5 Bxg2 12. Kxg2 h6 13. Nh3 h5 14. Rf3 Rdg8 15. Raf1 h4 16. Rf5 hxg3 17. hxg3 Ne7 18. R5f3 Qxh3+ 19. Kf2 Qh2+ 20. Ke1 Qxd2+ 21. Kxd2 Rh2+ 22. Ke1 Rxc2 23. Nd1 Nc6 24. a4 Nb4 25. d4 Nd3# 0-1

[Event "Mlada Boleslav Region-ch U12"]
[Site "Mlada Boleslav"]
[Date "2017.06.24"]
[Round "2"]
[White "Cuvala, Tibor"]
[Black "Cervenka, Tadeas"]
[Result "1-0"]
[WhiteElo "1240"]
[BlackElo "1026"]
[PlyCount "115"]
[EventDate "2017.06.24"]
[EventType "swiss"]
[EventRounds "7"]
[EventCountry "CZE"]
[SourceTitle "CBM 179 Extra"]
[Source "ChessBase"]
[SourceDate "2017.08.23"]
[SourceVersion "1"]
[SourceVersionDate "2017.08.23"]
[SourceQuality "1"]

1. d4 e6 2. Nf3 Nf6 3. e3 Be7 4. Bd2 0-0 5. Bd3 Re8 6. 0-0 d5 7. Nc3 c6 8. Qe2 a6 9. a3 Qc7 10. Qd1 Ng4 11. h3 Nf6 12. Ne2 Rd8 13. Ng3 Bd6 14. Ne2 Nbd7 15. Re1 Nf8 16. Kf1 Ng6 17. Nc3 Bh2 18. Ke2 e5 19. Bxg6 e4 20. Bxf7+ Kxf7 21. Nxh2 Qxh2 22. Rg1 g6 23. Kf1 b5 24. f3 Re8 25. Qe2 Qg3 26. Be1 Qd6 27. Qf2 Bd7 28. Ne2 a5 29. c3 a4 30. Ng3 Kg7 31. Ne2 Kf7 32. Qg3 Qxg3 33. Bxg3 Nh5 34. Ke1 Nxg3 35. Nxg3 exf3 36. Kf2 fxg2 37. Rxg2 Bxh3 38. Rh2 Bf5 39. Rxh7+ Kf6 40. Nxf5 gxf5 41. Rh6+ Kg5 42. Rxc6 Rab8 43. Rg1+ Kh5 44. Rcg6 Rb7 45. R6g2 Re4 46. Rg5+ Kh6 47. Rxf5 Rh4 48. Rg2 Rg7 49. Rf6+ Kh5 50. Rxg7 Rh2+ 51. Rg2 Rxg2+ 52. Kxg2 Kg5 53. Rf4 Kg6 54. Kg3 Kg5 55. Kh3 Kg6 56. Kg4 Kh6 57. Rf5 Kg7 58. Kg5 1-0